000 004620000a22001810004500
003 MACL
005 20150819160650.0
008 150819b xxu||||| |||| 00| 0 eng d
040 _aMACL
_cMACL
041 _aEnglish
082 _a610/DOB
100 _aDobson, Roger
_96308
245 _aDeath can Be Cured and 99 Other Medical Hypotheses
260 _bStanza
_c2008
_aNew Delhi
350 _a250
650 _aMedical Science
_985
942 _cBK
_k610/DOB
_2ddc
999 _c42806
_d42806